El arte teatral
Na minha lista:
| Main Authors: | , |
|---|---|
| Formato: | Livro |
| Idioma: | espanhol |
| Publicado em: |
Ciudad de México
Fondo de Cultura Económica
1965
|
| Edição: | 3a. ed |
| Colecção: | Breviarios del Fondo de Cultura Económica, 45
|
| Assuntos: | |
| Tags: |
Adicionar Tag
Sem tags, seja o primeiro a adicionar uma tag!
|
MARC
| LEADER | 00000nam a2200000 a 4500 | ||
|---|---|---|---|
| 001 | UCX5919 | ||
| 003 | CL-VaPUC | ||
| 008 | 930309e19650000MX |||||||||||||||||spa|d | ||
| 082 | 0 | 4 | |a 792.09 |b BAT |2 21 |
| 100 | 0 | |a Baty, Gastón |e author |9 322263 | |
| 700 | 0 | |a Chavance, Rene |e author |9 322264 | |
| 245 | 1 | 3 | |a El arte teatral |
| 250 | |a 3a. ed | ||
| 300 | |a 279 p | ||
| 942 | |c BK | ||
| 945 | |d 19930309 00:00:00 | ||
| 260 | |a Ciudad de México |b Fondo de Cultura Económica |c 1965 | ||
| 650 | 7 | |a TEATRO HISTORIA |2 CL-VaPUC |9 322265 | |
| 583 | |a last modification |c 19930309 00:00:00 |k Rodrigo Vera | ||
| 490 | 0 | |a Breviarios del Fondo de Cultura Económica, 45 | |
| 999 | |c 226039 |d 226037 | ||
| 952 | |0 0 |1 0 |4 0 |6 792_090000000000000_BAT_1965 |7 0 |8 A |9 224069 |a BIBEDU |b BIBEDU |d 2019-11-15 |i 2929155 |o 792.09 BAT 1965 |p 2929155 |r 2019-11-15 |w 2019-11-15 |y BK |k LIT | ||
| 952 | |0 0 |1 0 |4 0 |6 792_090000000000000_BAT_1965 |7 0 |8 A |9 224071 |a BIBART |b BIBART |d 2019-11-15 |i 1205684 |o 792.09 BAT 1965 |p 1205684 |r 2025-03-13 |w 2019-11-15 |y BK |k ART | ||
| 952 | |0 0 |1 0 |4 0 |6 792_090000000000000_BAT_1965 |7 0 |8 A |9 224072 |a BIBART |b BIBART |d 2019-11-15 |i 1205692 |o 792.09 BAT 1965 |p 1205692 |r 2025-03-13 |w 2019-11-15 |y BK |k ART | ||
| 952 | |0 0 |1 0 |4 0 |6 792_090000000000000_BAT_1965 |7 0 |8 A |9 224073 |a BIBART |b BIBART |d 2019-11-15 |i 1205706 |o 792.09 BAT 1965 |p 1205706 |r 2025-03-13 |w 2019-11-15 |y BK |k ART | ||
| 952 | |0 0 |1 0 |4 0 |6 792_090000000000000_BAT_1965 |7 0 |8 A |9 224074 |a BIBART |b BIBART |d 2019-11-15 |i 1206249 |o 792.09 BAT 1965 |p 1206249 |r 2025-03-13 |w 2019-11-15 |y BK |k ART | ||
| 952 | |0 0 |1 0 |4 0 |6 792_090000000000000_BAT_1965 |7 0 |8 A |9 224075 |a BIBART |b BIBART |d 2019-11-15 |i 1207164 |o 792.09 BAT 1965 |p 1207164 |r 2025-03-13 |w 2019-11-15 |y BK |k ART | ||